000 00800nam a22002417a 4500
001 29441
003 UA-OsUOA
005 20201202163110.0
007 ta
008 20041011b un ||||| |||| 00| 0 ukr d
040 _aUA-OsUOA
_bukr
_cUA-OsUOA
_dUA-OsUOA
041 _aukr
044 _aUA
080 _a82.09(477)
090 _a82.09(477)
_bС48
245 _aСлово: література, мистецтво, критика, мемуари, документи
_bзбірник
_cред. Ю. Бойко-Блохин
260 _aВудсток
_bОб'єднання Українських Письменників"Слово"
_c1987
300 _a340 с.
650 7 _2UDC
942 _cBK
_2udc
955 _a0
999 _c315830
_d315830